[Event "CAN-op"]
[Site "Toronto CAN"]
[Date "2010.07.11"]
[Round "2"]
[White "Modwal, Sankalp"]
[Black "Sapozhnikov, Roman"]
[Result "1/2-1/2"]
[WhiteElo "2242"]
[BlackElo "2434"]
[PlyCount "159"]
[EventDate "2010.07.10"]
[EventType "swiss"]
[EventRounds "9"]
[EventCountry "CAN"]

1. e4 d5 2. exd5 Qxd5 3. Nc3 Qd6 4. d4 Nf6 5. h3 c6 6. Nf3 Bf5 7. Bc4 Nbd7 8.
O-O e6 9. Re1 Be7 10. Nh4 Bg6 11. Nxg6 hxg6 12. Bg5 O-O-O 13. Bb3 Nb6 14. Qe2
Nbd5 15. Nxd5 Nxd5 16. Bxe7 Qxe7 17. Rad1 Rh5 18. Qe4 Qf6 19. c4 Nf4 20. Re3
Rh4 21. Qe5 Rh5 22. Qe4 Qg5 23. Rg3 Qf5 24. Qxf5 Ne2+ 25. Kh2 Rxf5 26. Rgd3 c5
27. dxc5 Rxd3 28. Rxd3 Rxc5 29. Rd2 Nf4 30. g3 Nh5 31. a3 a5 32. Ba2 a4 33. Kg2
Nf6 34. Bb1 Rxc4 35. Rc2 Rc7 36. Kf3 Nd7 37. Rxc7+ Kxc7 38. Ke3 Nc5 39. Bc2 b5
40. Kd4 Kd6 41. f4 Nd7 42. Bd3 Kc6 43. Be4+ Kb6 44. g4 f6 45. Bxg6 e5+ 46. fxe5
Nxe5 47. Bd3 g5 48. Be2 Ng6 49. Ke4 Nf4 50. Bf1 Ne6 51. Kf5 Nc5 52. Kxf6 Ne4+
53. Ke5 Nd2 54. Be2 Kc5 55. Kf5 Nc4 56. Bxc4 Kxc4 57. Kxg5 Kb3 58. h4 Kxb2 59.
h5 Kxa3 60. h6 b4 61. h7 b3 62. h8=Q Ka2 63. Qg8 a3 64. Kf4 Kb2 65. Qg7+ Ka2
66. Qf7 Kb2 67. Qf6+ Ka2 68. Qe6 Kb2 69. Qe5+ Ka2 70. Qd5 Kb2 71. Qd4+ Ka2 72.
Qc4 Kb2 73. Qe2+ Kb1 74. Qd1+ Kb2 75. g5 a2 76. Qd2+ Kb1 77. Qd1+ Kb2 78. Qd4+
Kb1 79. Qd3+ Kb2 80. Qd2+ 1/2-1/2

[Event "CAN-op"]
[Site "Toronto CAN"]
[Date "2010.07.11"]
[Round "2"]
[White "Moran-Venegas, Mario"]
[Black "Yang, Marguerite"]
[Result "1-0"]
[WhiteElo "1704"]
[BlackElo "1540"]
[PlyCount "59"]
[EventDate "2010.07.10"]
[EventType "swiss"]
[EventRounds "9"]
[EventCountry "CAN"]

1. e4 c5 2. Nf3 d6 3. d4 cxd4 4. Nxd4 Nf6 5. Nc3 g6 6. g3 Bg7 7. Bg2 Nbd7 8.
Be3 a6 9. O-O O-O 10. b3 Qc7 11. Nce2 Nc5 12. Nc3 Rb8 13. Nd5 Qd8 14. Nxf6+
Bxf6 15. Bh6 Re8 16. Rc1 Bd7 17. c4 b5 18. cxb5 axb5 19. b4 Ne6 20. Nc6 Bxc6
21. Rxc6 Qd7 22. Rc1 Rec8 23. Qd2 Rc4 24. Rxc4 bxc4 25. f4 Qa7+ 26. Kh1 c3 27.
Qd5 Rxb4 28. e5 Rd4 29. Qc6 dxe5 30. Qe8+ 1-0

[Event "CAN-op"]
[Site "Toronto CAN"]
[Date "2010.07.11"]
[Round "2"]
[White "Pechenkin, Vladimir"]
[Black "Walton, Alan"]
[Result "1-0"]
[WhiteElo "2432"]
[BlackElo "2152"]
[PlyCount "47"]
[EventDate "2010.07.10"]
[EventType "swiss"]
[EventRounds "9"]
[EventCountry "CAN"]

1. f4 d5 2. Nf3 Nf6 3. e3 g6 4. b4 Bg7 5. Bb2 O-O 6. Be2 a5 7. b5 c6 8. bxc6
bxc6 9. O-O Qb6 10. Ba3 Re8 11. Nc3 Nfd7 12. Na4 Qc7 13. d4 f6 14. c4 e6 15.
Rb1 Ba6 16. Qc2 e5 17. fxe5 fxe5 18. cxd5 Bxe2 19. d6 Qd8 20. Qxe2 e4 21. Nd2
Nf6 22. Nc4 Ra7 23. Ne5 Nd5 24. Rxb8 1-0

[Event "CAN-op"]
[Site "Toronto CAN"]
[Date "2010.07.11"]
[Round "2"]
[White "Qin, Zi Yi (Joey)"]
[Black "Gagunashvili, Merab"]
[Result "0-1"]
[WhiteElo "2340"]
[BlackElo "2592"]
[PlyCount "66"]
[EventDate "2010.07.10"]
[EventType "swiss"]
[EventRounds "9"]
[EventCountry "CAN"]

1. e4 d6 2. d4 Nf6 3. Nc3 g6 4. f3 c6 5. Be3 Nbd7 6. Qd2 b5 7. g4 Nb6 8. b3 Qc7
9. h4 h5 10. g5 Nfd7 11. a4 b4 12. Nce2 a5 13. c4 bxc3 14. Nxc3 Bg7 15. Rc1 O-O
16. Nge2 c5 17. Nb5 Qb8 18. Bg2 Ba6 19. O-O Bxb5 20. axb5 a4 21. bxa4 Rxa4 22.
dxc5 dxc5 23. f4 Rd8 24. Qc2 Rb4 25. e5 Nc4 26. Bf2 Ndxe5 27. fxe5 Rd2 28. Qe4
Nxe5 29. Qa8 Qxa8 30. Bxa8 Rxe2 31. Rxc5 Rg4+ 32. Bg2 Nd3 33. Rc8+ Kh7 0-1

[Event "CAN-op"]
[Site "Toronto CAN"]
[Date "2010.07.11"]
[Round "2"]
[White "Shabalov, Alexander"]
[Black "Puri, Vinny"]
[Result "1/2-1/2"]
[WhiteElo "2618"]
[BlackElo "2326"]
[PlyCount "93"]
[EventDate "2010.07.10"]
[EventType "swiss"]
[EventRounds "9"]
[EventCountry "CAN"]

1. e4 e5 2. Nf3 Nc6 3. Bb5 Nf6 4. Qe2 a6 5. Ba4 b5 6. Bb3 Bc5 7. c3 O-O 8. d3
h6 9. h3 d6 10. g4 Nh7 11. Bd5 Bd7 12. Rg1 g5 13. Be3 Qe7 14. Nbd2 Rab8 15. Nf1
b4 16. Bxc6 Bxc6 17. c4 b3 18. a3 f6 19. Ng3 Bd7 20. Nf5 Bxf5 21. gxf5 Bxe3 22.
fxe3 Kh8 23. Nh2 Rfd8 24. Qh5 c6 25. Ng4 d5 26. Nxh6 Rb7 27. Ke2 dxc4 28. dxc4
Rbd7 29. Kf3 a5 30. h4 Qe8 31. Qxe8+ Rxe8 32. Rad1 Ree7 33. h5 g4+ 34. Nxg4
Ng5+ 35. Ke2 Nxe4 36. a4 Rg7 37. Rxd7 Rxd7 38. Rd1 Ng3+ 39. Ke1 Rxd1+ 40. Kxd1
Nxf5 41. Kd2 Kg7 42. Kc3 Nh6 43. Nh2 f5 44. c5 Ng4 45. Nf1 Nf2 46. Kxb3 Nd3 47.
Kc3 1/2-1/2

[Event "CAN-op"]
[Site "Toronto CAN"]
[Date "2010.07.11"]
[Round "2"]
[White "Sly, Douglas"]
[Black "Hou, Louisa Qianqian"]
[Result "1-0"]
[WhiteElo "1628"]
[BlackElo "1256"]
[PlyCount "65"]
[EventDate "2010.07.10"]
[EventType "swiss"]
[EventRounds "9"]
[EventCountry "CAN"]

1. d4 Nf6 2. Nc3 g6 3. e4 d6 4. Bg5 Bg7 5. Qd2 O-O 6. O-O-O Re8 7. h4 b6 8. Bh6
Bh8 9. Be2 c5 10. dxc5 bxc5 11. e5 Ng4 12. Bf3 Bxe5 13. Bxa8 Bd4 14. Be3 Nxe3
15. fxe3 Bg7 16. h5 Bg4 17. Bf3 Qd7 18. hxg6 fxg6 19. Rh4 Bxf3 20. gxf3 Nc6 21.
Nge2 Ne5 22. Qd5+ Nf7 23. f4 e6 24. Qg2 d5 25. Rdh1 Nh6 26. Rxh6 Bxh6 27. Rxh6
Qf7 28. Qg5 Kg7 29. Ng3 Kf8 30. Nb5 Rb8 31. Nd6 Qg7 32. c3 Qe7 33. Qe5 1-0

[Event "CAN-op"]
[Site "Toronto CAN"]
[Date "2010.07.11"]
[Round "2"]
[White "Wagner, Bernd"]
[Black "Ferreira, Alex"]
[Result "1-0"]
[WhiteElo "1993"]
[BlackElo "2054"]
[PlyCount "117"]
[EventDate "2010.07.10"]
[EventType "swiss"]
[EventRounds "9"]
[EventCountry "CAN"]

1. e4 e5 2. Nf3 Nc6 3. Bc4 Nf6 4. d4 exd4 5. e5 d5 6. Bb5 Ne4 7. Nxd4 Bd7 8.
Bxc6 bxc6 9. O-O Bc5 10. f3 Ng5 11. Be3 O-O 12. Qd2 Ne6 13. Nxe6 Bxe3+ 14. Qxe3
Bxe6 15. Nd2 Qb8 16. Nb3 Qb6 17. Rae1 a5 18. f4 Qxe3+ 19. Rxe3 a4 20. Nc5 Ra5
21. Nxe6 fxe6 22. Rc3 c5 23. g3 Rb8 24. b3 axb3 25. axb3 Rb4 26. f5 exf5 27.
Rxf5 Re4 28. Rcf3 h6 29. Rf8+ Kh7 30. Re8 Ra1+ 31. Rf1 Rxf1+ 32. Kxf1 c4 33. b4
c3 34. Rc8 Rxb4 35. Rxc7 d4 36. Ke2 Rb1 37. e6 Kg6 38. Rd7 Kf6 39. Rxd4 Kxe6
40. Kd3 Rh1 41. Re4+ Kd5 42. Re2 g5 43. Kxc3 h5 44. Kd3 h4 45. Ke3 h3 46. Kf3
Rg1 47. Rf2 Ke6 48. c4 Kf5 49. Rd2 g4+ 50. Ke3 Re1+ 51. Kd4 Rg1 52. c5 Ke6 53.
Ke3 Rc1 54. Kf4 Rc4+ 55. Kg5 Ke5 56. c6 Ke4 57. Rf2 Ke3 58. Rf5 Rc2 59. c7 1-0

[Event "CAN-op"]
[Site "Toronto CAN"]
[Date "2010.07.11"]
[Round "2"]
[White "Willis, Bradley"]
[Black "Cheng, Bindi"]
[Result "0-1"]
[WhiteElo "2122"]
[BlackElo "2426"]
[PlyCount "72"]
[EventDate "2010.07.10"]
[EventType "swiss"]
[EventRounds "9"]
[EventCountry "CAN"]

1. d4 d5 2. Nf3 Nf6 3. e3 Bf5 4. c4 e6 5. Qb3 Qc8 6. Nc3 c6 7. Nh4 Be4 8. f3
Bg6 9. Nxg6 hxg6 10. e4 dxe4 11. Nxe4 Nbd7 12. Bf4 Nxe4 13. fxe4 e5 14. dxe5
Nc5 15. Qf3 Ne6 16. O-O-O Qc7 17. Be2 Bc5 18. Rd6 Qa5 19. Rxe6+ fxe6 20. Qg4
O-O-O 21. Qxe6+ Kb8 22. Kb1 Bd4 23. c5 Rhe8 24. Qc4 Bxe5 25. Be3 Qc7 26. Rf1
Ka8 27. h3 Bf6 28. Bf4 Be5 29. Be3 Rf8 30. Bf3 Bf6 31. Qb4 Rd3 32. Re1 Qg3 33.
Re2 Rfd8 34. Kc2 Qe5 35. a4 Qe6 36. Re1 Qa2 0-1

[Event "CAN-op"]
[Site "Toronto CAN"]
[Date "2010.07.11"]
[Round "2"]
[White "Yee, Lorne"]
[Black "Kagramanov, Dina"]
[Result "1-0"]
[WhiteElo "2222"]
[BlackElo "2226"]
[PlyCount "63"]
[EventDate "2010.07.10"]
[EventType "swiss"]
[EventRounds "9"]
[EventCountry "CAN"]

1. d4 d5 2. Bf4 Nf6 3. e3 c6 4. c4 e6 5. Nc3 Be7 6. h3 O-O 7. c5 Nbd7 8. b4 Ne4
9. Qc2 f5 10. Nf3 Ndf6 11. Bd3 Nxc3 12. Qxc3 Ne4 13. Bxe4 fxe4 14. Ne5 Bd7 15.
O-O Bf6 16. Qb2 Bxe5 17. Bxe5 Rf5 18. Qe2 Qh4 19. Bg3 Qg5 20. Bf4 Qg6 21. Qg4
Qf7 22. Qg3 Rf6 23. f3 Rg6 24. Qh4 Qf5 25. Be5 exf3 26. Bg3 Rh6 27. Qe7 Qf7 28.
Qxf7+ Kxf7 29. Rxf3+ Rf6 30. Raf1 Kg6 31. Be5 Rf5 32. Rg3+ 1-0

[Event "CAN-op"]
[Site "Toronto CAN"]
[Date "2010.07.12"]
[Round "3"]
[White "Armstrong, Robert J"]
[Black "Dattani, Dinesh"]
[Result "1-0"]
[WhiteElo "1800"]
[BlackElo "1392"]
[PlyCount "59"]
[EventDate "2010.07.10"]
[EventType "swiss"]
[EventRounds "9"]
[EventCountry "CAN"]

1. d4 d5 2. c4 c6 3. e3 Nf6 4. Nf3 Nbd7 5. Bd3 dxc4 6. Bxc4 b5 7. Bd3 e6 8. O-O
Bb7 9. a3 Be7 10. Nbd2 h6 11. b4 O-O 12. Nb3 a5 13. Nxa5 Qc7 14. Bb2 Rxa5 15.
bxa5 Qxa5 16. Qb3 Ba6 17. Rfc1 c5 18. dxc5 Nxc5 19. Qc2 Nxd3 20. Qxd3 b4 21.
Qb3 Rb8 22. Nd4 Bb5 23. Nc6 Bxc6 24. Rxc6 Qb5 25. Rac1 Ne4 26. Rc8+ Rxc8 27.
Rxc8+ Kh7 28. Qc2 f5 29. Rc7 bxa3 30. Ba1 1-0

[Event "CAN-op"]
[Site "Toronto CAN"]
[Date "2010.07.12"]
[Round "3"]
[White "Ashton, Adam"]
[Black "Bennett, Eric"]
[Result "1-0"]
[WhiteElo "2316"]
[BlackElo "1990"]
[PlyCount "61"]
[EventDate "2010.07.10"]
[EventType "swiss"]
[EventRounds "9"]
[EventCountry "CAN"]

1. e4 Nf6 2. e5 Nd5 3. d4 d6 4. Nf3 dxe5 5. Nxe5 g6 6. Bc4 c6 7. O-O Bg7 8. Re1
O-O 9. Bb3 Nd7 10. Nf3 a5 11. c4 Nc7 12. Nc3 Nf6 13. h3 Bf5 14. Bf4 h6 15. Qd2
g5 16. Be5 Qd7 17. Na4 Qd8 18. Nb6 Ra6 19. c5 Ncd5 20. Bc4 Ra7 21. Bxd5 Nxd5
22. Bxg7 Kxg7 23. h4 g4 24. Ne5 Nxb6 25. cxb6 Ra6 26. Qf4 Qc8 27. d5 Rxb6 28.
Nxg4 Rb4 29. Qxh6+ Kg8 30. Ne5 f6 31. Ng6 1-0

[Event "CAN-op"]
[Site "Toronto CAN"]
[Date "2010.07.12"]
[Round "3"]
[White "Barron, Michael"]
[Black "Twesigye, Derick"]
[Result "0-1"]
[WhiteElo "2375"]
[BlackElo "1990"]
[PlyCount "58"]
[EventDate "2010.07.10"]
[EventType "swiss"]
[EventRounds "9"]
[EventCountry "CAN"]

1. e4 c5 2. Nf3 Nc6 3. d4 cxd4 4. Nxd4 e5 5. Nb5 d6 6. c4 Be7 7. N1c3 a6 8. Qa4
Bd7 9. Nd5 Nd4 10. Nbc7+ Kf8 11. Qd1 Rc8 12. Nxe7 Nxe7 13. Nd5 Nxd5 14. exd5 b5
15. Be3 Qa5+ 16. Bd2 Qb6 17. b3 Bf5 18. Rc1 h5 19. Be3 Bg4 20. Qd2 Re8 21. cxb5
axb5 22. Qb4 f5 23. Rc6 Qxc6 24. dxc6 Nc2+ 25. Kd2 Nxb4 26. Bxb5 f4 27. Bb6 Rb8
28. a4 Rxb6 29. Rc1 Ke7 0-1

[Event "CAN-op"]
[Site "Toronto CAN"]
[Date "2010.07.12"]
[Round "3"]
[White "Betaneli, Aleksandr"]
[Black "Itkin, David"]
[Result "1-0"]
[WhiteElo "2312"]
[BlackElo "1966"]
[PlyCount "87"]
[EventDate "2010.07.10"]
[EventType "swiss"]
[EventRounds "9"]
[EventCountry "CAN"]

1. e4 c5 2. b3 d6 3. Bb2 Nc6 4. Bb5 Bd7 5. f4 a6 6. Bxc6 Bxc6 7. d3 e6 8. Nf3
Nf6 9. Nbd2 Be7 10. O-O O-O 11. Qe2 Qc7 12. e5 Nd5 13. exd6 Qxd6 14. Ne5 b5 15.
Ne4 Qc7 16. c4 Nb6 17. Nxc6 Qxc6 18. Rf3 f6 19. Re1 Rae8 20. Re3 Na8 21. Qh5
Rf7 22. Rh3 g6 23. Qf3 Qd7 24. Qe3 Qc6 25. Rg3 Nc7 26. h4 Ref8 27. h5 Rg7 28.
hxg6 Rxg6 29. Kf2 f5 30. Rxg6+ hxg6 31. Qg3 Kf7 32. Ng5+ Ke8 33. Be5 Bd6 34.
Nh7 Bxe5 35. Qxg6+ Rf7 36. Rxe5 Ke7 37. Ng5 Rf8 38. Qg7+ Ke8 39. Nh7 Rf7 40.
Qg8+ Ke7 41. Qg5+ Ke8 42. Nf6+ Kf8 43. Qg8+ Ke7 44. Nd5+ 1-0

[Event "CAN-op"]
[Site "Toronto CAN"]
[Date "2010.07.12"]
[Round "3"]
[White "Bluvshtein, Ilia"]
[Black "Ferreira, Alex"]
[Result "1-0"]
[WhiteElo "2216"]
[BlackElo "2054"]
[PlyCount "77"]
[EventDate "2010.07.10"]
[EventType "swiss"]
[EventRounds "9"]
[EventCountry "CAN"]

1. e4 e5 2. Nf3 Nc6 3. d4 exd4 4. Bc4 Nf6 5. e5 d5 6. Bb5 Ne4 7. Nxd4 Bd7 8.
Bxc6 bxc6 9. O-O Bc5 10. f3 Ng5 11. f4 Ne4 12. Be3 O-O 13. Nd2 Bxd4 14. Bxd4
Bf5 15. Nb3 Qh4 16. Qf3 a5 17. a4 Rfb8 18. Qe3 Rb4 19. h3 Ng3 20. Rf2 Be4 21.
Bc3 Nf5 22. Qd2 Rc4 23. Nxa5 Rxa5 24. Bxa5 Nd4 25. b3 Bxg2 26. Kxg2 Nf5 27.
bxc4 Qg3+ 28. Kf1 Qxh3+ 29. Ke1 Ng3 30. Kd1 Ne4 31. Qe1 Qg4+ 32. Kc1 Qg3 33.
Rf1 Qh3 34. cxd5 cxd5 35. Bd2 Qc8 36. a5 Qa6 37. Rg1 Qc4 38. a6 Nc5 39. a7 1-0

[Event "CAN-op"]
[Site "Toronto CAN"]
[Date "2010.07.12"]
[Round "3"]
[White "Calugar, Arthur"]
[Black "Zagar, Milan"]
[Result "1-0"]
[WhiteElo "2372"]
[BlackElo "1941"]
[PlyCount "89"]
[EventDate "2010.07.10"]
[EventType "swiss"]
[EventRounds "9"]
[EventCountry "CAN"]

1. b3 c5 2. Bb2 Nc6 3. Nf3 d5 4. e3 Bg4 5. h3 Bh5 6. Bb5 Rc8 7. c4 e6 8. cxd5
exd5 9. O-O Nf6 10. Nc3 Be7 11. g4 Bg6 12. Ne5 a6 13. Nxc6 bxc6 14. Bxa6 Rb8
15. f4 h5 16. g5 Nd7 17. Be2 Bf5 18. h4 d4 19. Na4 Nf8 20. Bf3 Qd6 21. exd4
cxd4 22. Rc1 Rc8 23. Nb6 Rc7 24. Nc4 Qd8 25. Ne5 c5 26. Bc6+ Nd7 27. Qf3 Kf8
28. Bxd7 Bxd7 29. f5 Bb5 30. d3 Ba6 31. g6 Bb7 32. Qh3 Bd5 33. gxf7 Rh6 34.
Rce1 Bf6 35. Bc1 Rh7 36. Ng6+ Kxf7 37. Bf4 Ra7 38. Qh2 Qa8 39. Rf2 Bf3 40. Be5
Bg4 41. Bxf6 gxf6 42. Qd6 Bxf5 43. Rxf5 Ra6 44. Rxf6+ Kg7 45. Re7+ 1-0

[Event "CAN-op"]
[Site "Toronto CAN"]
[Date "2010.07.12"]
[Round "3"]
[White "Cheng, Bindi"]
[Black "Karlow, Nick"]
[Result "1-0"]
[WhiteElo "2426"]
[BlackElo "2012"]
[PlyCount "51"]
[EventDate "2010.07.10"]
[EventType "swiss"]
[EventRounds "9"]
[EventCountry "CAN"]

1. e4 c5 2. Nc3 Nc6 3. g3 g6 4. Bg2 Bg7 5. d3 Nf6 6. h3 O-O 7. f4 e5 8. Nge2 d6
9. O-O exf4 10. Nxf4 Nd4 11. g4 Re8 12. Be3 Ne6 13. Qd2 Bd7 14. Rf2 Nxf4 15.
Bxf4 Bxg4 16. Bg5 h6 17. Bxh6 Bxh6 18. Qxh6 Be6 19. e5 dxe5 20. Raf1 Nd5 21.
Bxd5 Bxd5 22. Ne4 f5 23. Qxg6+ Kf8 24. Rxf5+ Ke7 25. Rf7+ Bxf7 26. Rxf7# 1-0

[Event "CAN-op"]
[Site "Toronto CAN"]
[Date "2010.07.12"]
[Round "3"]
[White "Drkulec, Vladimir"]
[Black "Pentala, Harikrishna"]
[Result "0-1"]
[WhiteElo "2038"]
[BlackElo "2678"]
[PlyCount "88"]
[EventDate "2010.07.10"]
[EventType "swiss"]
[EventRounds "9"]
[EventCountry "CAN"]

1. d4 Nf6 2. Nf3 g6 3. g3 c5 4. Bg2 Bg7 5. O-O cxd4 6. Nxd4 O-O 7. c4 Nc6 8.
Nc3 Nxd4 9. Qxd4 d6 10. Qd3 Be6 11. b3 d5 12. c5 Bf5 13. Qf3 Ne4 14. Bb2 Nd2
15. Qxd5 Nxf1 16. Rxf1 Qa5 17. Rc1 Rac8 18. Qxb7 Rc7 19. Qf3 Rxc5 20. a3 Qc7
21. e4 Bg4 22. Qxg4 Bxc3 23. Bxc3 Rxc3 24. Rxc3 Qxc3 25. Qd7 Qc1+ 26. Bf1 Qxa3
27. Bc4 Qc5 28. Kg2 e6 29. f4 Qe3 30. e5 a5 31. h4 Qb6 32. h5 Qd8 33. Qb5 Qa8+
34. Kf2 Rd8 35. Be2 Rb8 36. Qa4 Rb4 37. Qa2 Qa7+ 38. Kf1 Kg7 39. Bc4 Qe3 40.
Kg2 a4 41. Qa3 Rxc4 42. h6+ Kg8 43. Qe7 Qe2+ 44. Kh3 Qh5+ 0-1

[Event "CAN-op"]
[Site "Toronto CAN"]
[Date "2010.07.12"]
[Round "3"]
[White "Egorov, Mikhail"]
[Black "Hill, Roderick"]
[Result "1/2-1/2"]
[WhiteElo "2179"]
[BlackElo "1934"]
[PlyCount "60"]
[EventDate "2010.07.10"]
[EventType "swiss"]
[EventRounds "9"]
[EventCountry "CAN"]

1. e4 Nf6 2. e5 Nd5 3. Nc3 Nxc3 4. dxc3 d5 5. Nf3 Bg4 6. h3 Bxf3 7. Qxf3 e6 8.
Bf4 Be7 9. Bd3 Nd7 10. Qg4 g6 11. O-O-O Nc5 12. c4 c6 13. cxd5 cxd5 14. Bb5+
Kf8 15. Bh6+ Kg8 16. Kb1 Ne4 17. Bd3 Nxf2 18. Qf3 Nxd1 19. Rxd1 Bf8 20. Rf1 Qc7
21. Bf4 Bg7 22. g4 h6 23. h4 Rf8 24. Qe3 a6 25. Bg3 b5 26. Re1 Rc8 27. Rf1 Rf8
28. Re1 Rc8 29. Rf1 Rf8 30. Re1 Rc8 1/2-1/2

[Event "CAN-op"]
[Site "Toronto CAN"]
[Date "2010.07.12"]
[Round "3"]
[White "Fulmyk, Wojtek"]
[Black "Haessel, Dale"]
[Result "0-1"]
[WhiteElo "2012"]
[BlackElo "2316"]
[PlyCount "60"]
[EventDate "2010.07.10"]
[EventType "swiss"]
[EventRounds "9"]
[EventCountry "CAN"]

1. d4 Nf6 2. Bg5 e6 3. e4 h6 4. Bxf6 Qxf6 5. Nf3 d6 6. Nc3 Nd7 7. Qd2 a6 8. Qe3
e5 9. Nd5 Qd8 10. dxe5 dxe5 11. O-O-O c6 12. Nxe5 cxd5 13. Rxd5 Qb6 14. Qf3 Qf6
15. Qg3 Nb6 16. Rd2 Be7 17. Nc4 Nxc4 18. Bxc4 O-O 19. f4 Bc5 20. Rhd1 Be6 21.
Bxe6 Qxe6 22. Rd5 Rac8 23. Qf3 Rfe8 24. e5 Qc6 25. c3 b5 26. f5 Bf8 27. f6 g6
28. Qf4 Qc4 29. R5d4 Qxa2 30. R1d3 b4 0-1

[Event "CAN-op"]
[Site "Toronto CAN"]
[Date "2010.07.12"]
[Round "3"]
[White "Gagunashvili, Merab"]
[Black "Casareno, Erwin"]
[Result "1-0"]
[WhiteElo "2592"]
[BlackElo "2105"]
[PlyCount "53"]
[EventDate "2010.07.10"]
[EventType "swiss"]
[EventRounds "9"]
[EventCountry "CAN"]

1. d4 d5 2. c4 c6 3. Nf3 Nf6 4. Nc3 dxc4 5. a4 e6 6. e3 c5 7. Bxc4 Nc6 8. O-O
Be7 9. Qe2 O-O 10. Rd1 cxd4 11. Nxd4 Qb6 12. Nxc6 Qxc6 13. e4 e5 14. Bg5 Bg4
15. f3 Be6 16. Bxe6 Qxe6 17. Bxf6 Bc5+ 18. Kh1 Qxf6 19. Nd5 Qg5 20. Rac1 Rac8
21. b4 Bb6 22. Rxc8 Rxc8 23. a5 Bd8 24. g3 Rc1 25. Kg2 Rxd1 26. Qxd1 Be7 27. h4
1-0

[Event "CAN-op"]
[Site "Toronto CAN"]
[Date "2010.07.12"]
[Round "3"]
[White "Gomes, Michael"]
[Black "Moran-Venegas, Mario"]
[Result "0-1"]
[WhiteElo "964"]
[BlackElo "1704"]
[PlyCount "150"]
[EventDate "2010.07.10"]
[EventType "swiss"]
[EventRounds "9"]
[EventCountry "CAN"]

1. d4 Nf6 2. c4 g6 3. Nc3 d5 4. Bg5 Ne4 5. Nf3 Nxg5 6. Nxg5 e6 7. Qd2 Bh6 8. f4
O-O 9. e4 dxc4 10. Bxc4 Nc6 11. Rd1 Na5 12. Bb3 Nxb3 13. axb3 b6 14. h4 Bb7 15.
h5 Qf6 16. g3 Bxg5 17. fxg5 Qf3 18. Qh2 Qe3+ 19. Ne2 Bxe4 20. Qh4 Bxh1 21. Qxh1
Qxg5 22. h6 Qd5 23. Qf1 Qa5+ 24. b4 Qxb4+ 25. Nc3 f5 26. d5 exd5 27. Rxd5 Rfe8+
28. Kf2 Qxb2+ 29. Ne2 Rad8 30. Rxd8 Rxd8 31. Qg2 Rd2 32. Qf3 Rxe2+ 33. Qxe2
Qxe2+ 34. Kxe2 c5 35. Kd3 b5 36. Kc3 a5 37. Kb3 Kf7 38. Ka3 Kf6 39. Kb3 Kg5 40.
Kc3 Kxh6 41. Kd3 Kg5 42. Kc3 Kg4 43. Kb3 Kxg3 44. Kc3 Kf3 45. Kb2 Ke2 46. Kb3
f4 47. Kc3 f3 48. Kc2 f2 49. Kc3 f1=N 50. Kb2 Kd2 51. Kb3 g5 52. Kb2 g4 53. Kb3
g3 54. Kb2 g2 55. Kb3 g1=N 56. Kb2 h5 57. Kb3 h4 58. Kb2 h3 59. Kb3 h2 60. Kb2
h1=N 61. Kb1 b4 62. Kb2 c4 63. Kb1 a4 64. Kb2 Nhg3 65. Ka2 c3 66. Kb1 b3 67.
Ka1 Ne4 68. Kb1 Nc5 69. Ka1 Ng3 70. Kb1 a3 71. Ka1 Nge4 72. Kb1 Na6 73. Ka1 Nb4
74. Kb1 c2+ 75. Ka1 b2# 0-1

[Event "CAN-op"]
[Site "Toronto CAN"]
[Date "2010.07.12"]
[Round "3"]
[White "Grayson, Henry"]
[Black "Wang, Eric"]
[Result "1-0"]
[WhiteElo "1580"]
[BlackElo "992"]
[PlyCount "115"]
[EventDate "2010.07.10"]
[EventType "swiss"]
[EventRounds "9"]
[EventCountry "CAN"]

1. e4 d6 2. Nf3 Nc6 3. Bb5 Bd7 4. O-O g6 5. d4 Bg7 6. h3 a6 7. Ba4 b5 8. Bb3 h6
9. c3 e5 10. Be3 Qe7 11. a4 Nb8 12. Qc2 Nf6 13. axb5 Bxb5 14. Ba4 Qd7 15. dxe5
Bxa4 16. Rxa4 Nh7 17. exd6 cxd6 18. Rd1 Qc6 19. Bf4 O-O 20. Rxd6 Qc5 21. Qd3 g5
22. Rd5 Qc6 23. Rc4 Qe6 24. Bh2 Ra7 25. Bxb8 Rxb8 26. b4 Nf6 27. Rd8+ Rxd8 28.
Qxd8+ Bf8 29. Qd3 Rd7 30. Rd4 Rxd4 31. Nxd4 Qxe4 32. Qf1 g4 33. Nd2 Qf4 34.
N2b3 gxh3 35. gxh3 Bd6 36. Qg2+ Kh7 37. Ne2 Qe5 38. Nbd4 Qg5 39. Kf1 Qxg2+ 40.
Kxg2 Be5 41. Kf3 Kg6 42. Nb3 Kh5 43. Nc5 a5 44. bxa5 Bc7 45. a6 Bb6 46. Na4 Ba7
47. Nd4 Bxd4 48. cxd4 Nd5 49. a7 Nc7 50. Nb6 Kh4 51. a8=Q Nxa8 52. Nxa8 Kxh3
53. d5 h5 54. d6 h4 55. d7 Kh2 56. d8=Q f6 57. Qxf6 h3 58. Qg5 1-0

[Event "CAN-op"]
[Site "Toronto CAN"]
[Date "2010.07.12"]
[Round "3"]
[White "Ibrahim, Ismail"]
[Black "Zaczek, Jonathan"]
[Result "0-1"]
[WhiteElo "2062"]
[BlackElo "2179"]
[PlyCount "96"]
[EventDate "2010.07.10"]
[EventType "swiss"]
[EventRounds "9"]
[EventCountry "CAN"]

1. e4 c5 2. Nc3 d6 3. g3 Nc6 4. Bg2 g6 5. d3 Bg7 6. Be3 e6 7. f4 Nge7 8. Nf3
O-O 9. O-O Nd4 10. e5 Nec6 11. Ne4 dxe5 12. fxe5 Nxe5 13. Nxe5 Bxe5 14. c3 Nc6
15. Bxc5 Re8 16. Qf3 f5 17. Nf2 Qc7 18. d4 Bg7 19. Ba3 e5 20. dxe5 Nxe5 21.
Qd5+ Be6 22. Qb5 Bc4 23. Bd5+ Kh8 24. Bxc4 Nxc4 25. Rfe1 Qc6 26. Qb3 Rxe1+ 27.
Rxe1 Nd2 28. Re6 Nxb3 29. Rxc6 bxc6 30. axb3 Rd8 31. Kf1 Kg8 32. Ke2 Be5 33.
Nd3 Bd6 34. b4 Kf7 35. c4 a6 36. b3 g5 37. Bc1 Kg6 38. c5 Bc7 39. Bd2 Kh5 40.
Be1 f4 41. gxf4 gxf4 42. h3 Re8+ 43. Kd2 Re3 44. h4 Kg4 45. Nf2+ Kf3 46. Nd3 h5
47. Nc1 Rxe1 48. Kxe1 Kg2 0-1

[Event "CAN-op"]
[Site "Toronto CAN"]
[Date "2010.07.12"]
[Round "3"]
[White "Jung, Hans"]
[Black "Juma, Sadiq"]
[Result "1-0"]
[WhiteElo "2270"]
[BlackElo "1900"]
[PlyCount "93"]
[EventDate "2010.07.10"]
[EventType "swiss"]
[EventRounds "9"]
[EventCountry "CAN"]

1. e4 c5 2. Nf3 d6 3. h3 e6 4. c3 Nf6 5. Bb5+ Bd7 6. Qe2 Qa5 7. Na3 Nc6 8. O-O
Be7 9. d4 cxd4 10. cxd4 a6 11. Bd3 b5 12. Nc2 O-O 13. Bd2 Qb6 14. Be3 Qb7 15.
Nd2 Rfe8 16. f4 Bf8 17. Rae1 Ne7 18. Bf2 g6 19. g4 Bg7 20. Qf3 Rf8 21. Qg3 Rae8
22. Qh4 h6 23. Qg3 d5 24. e5 Nh7 25. Nb3 Rc8 26. Nb4 a5 27. Nc2 b4 28. Nc5 Qa7
29. b3 Bc6 30. Be3 Kh8 31. Kh2 Rg8 32. Qh4 Qc7 33. f5 g5 34. Qg3 exf5 35. gxf5
Bf8 36. Bc1 Re8 37. Ne3 Nc8 38. Bb2 Nb6 39. f6 Nd7 40. Nxd7 Qxd7 41. Bf5 Qb7
42. Qg4 Rd8 43. Qh5 Bb5 44. Rf2 Be8 45. Rc1 Qb8 46. Kh1 Qb5 47. Rc7 1-0

[Event "CAN-op"]
[Site "Toronto CAN"]
[Date "2010.07.12"]
[Round "3"]
[White "Kong, Dezheng"]
[Black "Pechenkin, Vladimir"]
[Result "1/2-1/2"]
[WhiteElo "2006"]
[BlackElo "2432"]
[PlyCount "65"]
[EventDate "2010.07.10"]
[EventType "swiss"]
[EventRounds "9"]
[EventCountry "CAN"]

1. c4 f5 2. Nf3 Nf6 3. g3 g6 4. Bg2 Bg7 5. O-O O-O 6. d4 d6 7. Nc3 e6 8. Re1
Ne4 9. Qc2 Nxc3 10. bxc3 e5 11. Ng5 e4 12. f3 h6 13. Nh3 exf3 14. exf3 g5 15.
f4 g4 16. Nf2 Nc6 17. Be3 Kh8 18. Nd3 Bd7 19. c5 Na5 20. Rab1 Rb8 21. c4 Re8
22. Bf2 Rxe1+ 23. Rxe1 Nc6 24. Bxc6 Bxc6 25. d5 Bd7 26. cxd6 cxd6 27. c5 Bb5
28. cxd6 Rc8 29. Qb1 a6 30. Ne5 Qf6 31. d7 Rd8 32. Bd4 Rxd7 33. Qb3 1/2-1/2

[Event "CAN-op"]
[Site "Toronto CAN"]
[Date "2010.07.12"]
[Round "3"]
[White "McShane, Luke"]
[Black "Picana, Andrew"]
[Result "1-0"]
[WhiteElo "2624"]
[BlackElo "2117"]
[PlyCount "49"]
[EventDate "2010.07.10"]
[EventType "swiss"]
[EventRounds "9"]
[EventCountry "CAN"]

1. e4 e6 2. d4 d5 3. Nc3 Bb4 4. e5 c5 5. a3 cxd4 6. axb4 dxc3 7. Qg4 g6 8. Nf3
cxb2 9. Bxb2 Nh6 10. Qh3 Ng8 11. Bd3 Nc6 12. b5 Nb4 13. O-O Nxd3 14. cxd3 Bd7
15. Nd4 h5 16. Ba3 Nh6 17. Rfc1 a6 18. Bd6 Rc8 19. bxa6 bxa6 20. Rxc8 Qxc8 21.
Qe3 f6 22. exf6 Kf7 23. Rc1 Qd8 24. Rc7 Ng4 25. Qxe6# 1-0